000 00875nam a2200265 4500
001 000
003 000
005 20250415145904.0
008 750916s1976 paua b 001 0 eng
010 _a 75031610
020 _a0470919361
040 _aUOEL
_cDLC
_dDLC
050 0 0 _aQD45
_b.I86 1983
082 0 0 _a544/.923
245 0 0 _aIon exchange chromatography /
_cedited by Harold F. Walton.
260 _aStroudsburg, Pa. :
_bDowden, Hutchinson & Ross ;
_a[New York] :
_bdistributed by Halsted Press,
_cc1983.
300 _axviii, 440 p. :
_bill. ;
_c26 cm.
490 0 _aBenchmark papers in analytical chemistry ; 1
500 _aIncludes indexes.
504 _aBibliography: p. 427-428.
650 0 _aIon exchange chromatography.
700 1 _aWalton, Harold F.
_q(Harold Frederic),
_d1912-
906 _a7
_bcbc
_corignew
_d1
_eocip
_f19
_gy-gencatlg
942 _2lcc
_cBK
999 _c6106
_d6106